Globalización, estado y economía solidaria
| Main Author: | |
|---|---|
| Format: | Section = Libro |
| Language: | Undetermined Spanish |
| Published: |
Honduras
Guaymuras
1999
|
| Subjects: |
| LEADER | 00615nam a2200217Ia 4500 | ||
|---|---|---|---|
| 008 | 240830s9999 xx 000 0 und d | ||
| 020 | |a 99926-15-32-X | ||
| 040 | |a B-ESTELÍ- RUACS / 330 A55 | ||
| 041 | |a spa | ||
| 082 | |a 330 A55 | ||
| 100 | 1 | |a Avila, J. Nelson | |
| 245 | 1 | 0 | |a Globalización, estado y economía solidaria |
| 260 | |a Honduras |b Guaymuras |c 1999 | ||
| 300 | |a 144 p. | ||
| 650 | 7 | |a GLOBALIZACIÓN - ESTADO - ECONOMÍA SOLIDARIA | |
| 650 | 7 | |b UNIPOLARIDAD - ESTADO GLOBALITARIO | |
| 650 | 7 | |c TIPOLOGÍAS DE ESTADO | |
| 650 | 7 | |d FOCALIZACIÓN. | |
| 942 | |c BK |2 ddc | ||
| 991 | |a TEXTO | ||
| 999 | |c 10715 | ||